Statistics for Pokémon Unique Type Combinations

Click here to take the quiz!

General Stats

  • This quiz has been taken 15 times
  • The average score is 41 of 55

Answer Stats

HintAnswer% Correct
Gen 4; Grass/IceSnover/Abomasnow
92%
Gen 4; Poison/FightingCroagunk/Toxicroak
85%
Gen 5; Water/GhostFrillish/Jellicent
85%
Gen 1; Ghost/PoisonGastly/Haunter/Gengar
85%
Gen 4; Fire/SteelHeatran
85%
Gen 6; Fire/NormalLitleo/Pyroar
85%
Gen 3; Water/GrassLotad/Lombre/Ludicolo
85%
Gen 1; Poison/GroundNidoking/Nidoqueen
85%
Gen 7; Electric/PsychicRaichu(Alolan)
85%
Gen 4; Electric/GhostRotom
85%
Gen 2; Fairy/FlyingTogetic/Togekiss
85%
Gen 4; Grass/GroundTorterra
85%
Gen 6; Fire/WaterVolcanion
85%
Gen 1; Poison/FlyingZubat/Golbat/Crobat
85%
Gen 3; Ground/PsychicBaltoy/Claydol
77%
Gen 4; Normal/WaterBibarel
77%
Gen 7; Bug/FairyCutiefly/Ribombee
77%
Gen 5; Normal/GrassDeerling/Sawsbuck
77%
Gen 6; Normal/GroundDiggersby
77%
Gen 7; Normal/DragonDrampa
77%
Gen 4; Water/SteelEmpoleon
77%
Gen 4; Ice/GhostFroslass
77%
Gen 7; Rock/ElectricGeodude/Graveler/Golem(Alolan)
77%
Gen 7; Dragon/FightingHakamo-o/Kommo-o
77%
Gen 6; Steel/GhostHonedge/Doublade/Aegislash
77%
Gen 5; Dragon/IceKyurem
77%
Gen 3; Rock/GrassLileep/Cradily
77%
Gen 7; Ghost/FairyMimikyu
77%
Gen 7; Ice/FairyNinetales(Alolan)
77%
Gen 5; Ground/DarkSandile/Krokorok/Krookodile
77%
Gen 7; Ice/SteelSandshrew/Sandslash(Alolan)
77%
Gen 3; Bug/GhostShedinja
77%
Gen 2; Dark/IceSneasel/Weavile
77%
Gen 5; Ground/ElectricStunfisk
77%
Gen 2; Ice/GroundSwinub/Piloswine/Mamoswine
77%
Gen 5; Rock/FightingTerrakion
77%
Gen 8; Electric/PoisonToxel/Toxtricity
77%
Gen 2; Rock/DarkTyranitar
77%
Gen 6; Rock/DragonTyrunt/Tyrantrum
77%
Gen 6; Rock/IceAmaura/Aurorus
69%
Gen 7; Fighting/IceCrabominable
69%
Gen 8; Fire/IceDarmanitan(Galarian)
69%
Gen 6; Electric/NormalHelioptile/Heliolisk
69%
Gen 5; Dark/SteelPawniard/Bisharp
69%
Gen 5; Electric/FireRotom-Heat
69%
Gen 5; Electric/GrassRotom-Mow
69%
Gen 8; Dark/FairyImpidimp/Morgrem/Grimmsnarl
62%
Gen 7; Fighting/GhostMarshadow
62%
Gen 8; Electric/DarkMorpeko
62%
Gen 7; Rock/PoisonNihilego
62%
Gen 7; Poison/FireSalandit/Salazzle
62%
Gen 8; Poison/PsychicSlowbro/Slowking (Galarian)
62%
Gen 8; Ice/BugSnom/Frosmoth
62%
Gen 8; Poison/FairyWeezing(Galarian)
62%
Gen 8; Bug/PsychicDottler/Orbeetle
54%

Score Distribution

Percentile by Number Answered

Percent of People with Each Score

Your Score History

You have not taken this quiz